000 00566nam a2200193 i 4500
001 88497
003 ES-MaACL
007 t|
008 050104s1985 sp ||||1| spa d
020 _a84-309-1190-1
100 1 _aLandrove Díaz, Gerardo.
_969972
245 1 0 _aIntroducción al Derecho penal español /
_cGerardo Landrove Díaz.
260 _aMadrid :
_bTecnos,
_c1985.
300 _a152 p. ;
_c22 cm.
490 1 _aBiblioteca universitaria
830 0 _aBiblioteca universitaria
_9177461
852 _aES-MaACL
_jL-8831
_bR.110352
999 _c88497
_d88497